000 00393 a2200109 4500
001 ART_5558
005 20260410161827.0
008 260409a
245 1 0 _aAnálisis teórico de los problemas de formación de precio y capacidad en el sector frutícola argentino
100 1 _aWitte, Hermann
773 0 _tEstudios Económicos
_g- Vol. 3, Nº 5/6 (ene./dic. 1984)
_wREV5080
999 _c22911
_d22911